| 000 | 00642cam a2200193 i 4500 | ||
|---|---|---|---|
| 020 |
_a0070414580 _c$6.95 |
||
| 050 | 0 | 0 |
_aQD257 _b.M45 |
| 100 | 1 | _aMeislich, Herbert. | |
| 245 | 1 | 0 |
_aSchaum's outline of theory and problems of organic chemistry / _cby Herbert Meislich, Howard Nechamkin and Jacob Sharefkin. |
| 260 |
_aNew York : _bMcGraw-Hill, _c1991 |
||
| 300 | _a524 p. : | ||
| 500 | _aCover title: Theory and problems of organic chemistry. | ||
| 500 | _aIncludes index. | ||
| 650 | 0 | _xProblems, exercises, etc. | |
| 650 | 0 | _xOutlines, syllabi, etc. | |
| 700 | 1 | _aNechamkin, Howard, | |
| 700 | 1 | _aSharefkin, Jacob, | |
| 942 |
_cGEN _2lcc |
||
| 999 |
_c11173 _d11173 |
||